000 00567nam a2200205Ia 4500
005 20250508151451.0
008 008 250505s9999 xx 000 0 eng d
037 _aTextual
040 _aFEDL
_beng
_cFEDL
041 _aeng
_2eng
084 _a911.2, VAN
_qFEDL
100 _aValkenburg Samuel Van
_9348805
245 0 _aElements of political geography
250 _a2nd
260 _aNew York, USA
_bPrentice Hall
_c1954
300 _axvi,400p.
700 _a Stotz Carl L
_9759219
942 _cTEXL
_h911.2, VAN
999 _c1329993
_d1329993